Get the Picture: Great Big 4 Athletes Quiz Stats

 Plays Quiz Updated Jun 10, 2019

Score 0/16 Timer 03:00
0 Plays Today
Question Answer Wrong Answers
Won an NCAA national championship with the University of North Carolina Michael Jordan
91.3%
Wayne Gretzky
2.4%
Babe Ruth
1.1%
Tom Brady
2.1%
Wore the jersey number 23 Michael Jordan
90.9%
Wayne Gretzky
2.6%
Babe Ruth
1.7%
Tom Brady
1.5%
Wore the jersey number 99 Wayne Gretzky
88%
Michael Jordan
2.4%
Babe Ruth
3.4%
Tom Brady
2.9%
Wore the jersey number 12 Tom Brady
83.4%
Michael Jordan
3.4%
Wayne Gretzky
5.1%
Babe Ruth
4.6%
Wore the jersey number 3 Babe Ruth
81.5%
Michael Jordan
3.8%
Wayne Gretzky
6.8%
Tom Brady
4.2%
Was part of a player grouping known by the epithet Murderers' Row Babe Ruth
80.2%
Michael Jordan
3.9%
Wayne Gretzky
9.3%
Tom Brady
3%
Won a NCAA national championship with the University of Michigan Tom Brady
78.6%
Michael Jordan
9.8%
Wayne Gretzky
5.7%
Babe Ruth
2.3%
Played for the same team his whole career Tom Brady
76%
Michael Jordan
9.9%
Wayne Gretzky
5.1%
Babe Ruth
5.4%
Won 6 Championships & 6 Championship series MVP Awards Michael Jordan
74.8%
Wayne Gretzky
6.5%
Babe Ruth
3.2%
Tom Brady
12.2%
Won a Defensive Player of the Year award Michael Jordan
67%
Wayne Gretzky
21.4%
Babe Ruth
2.8%
Tom Brady
4.8%
Holds or shares 61 league records Wayne Gretzky
63.2%
Michael Jordan
12.5%
Babe Ruth
12.9%
Tom Brady
7.8%
Jersey number was retired league-wide Wayne Gretzky
62%
Michael Jordan
14.7%
Babe Ruth
18.7%
Tom Brady
0.8%
Won 9 League MVP Awards Wayne Gretzky
61.2%
Michael Jordan
19.3%
Babe Ruth
7.9%
Tom Brady
8.1%
Won 7 League Championships Babe Ruth
36.7%
Michael Jordan
14.9%
Wayne Gretzky
22.6%
Tom Brady
22.4%
Won the Comeback Player of the Year Award Tom Brady
35.8%
Michael Jordan
44.6%
Wayne Gretzky
10.2%
Babe Ruth
6.1%
Participated in 10 championship game/series in his career Babe Ruth
34%
Michael Jordan
14.5%
Wayne Gretzky
17.9%
Tom Brady
29.9%

Today's Daily Dose

You're not logged in!

Compare scores with friends on all Sporcle quizzes.
OR
Log In

Sporcle TV

Today on Sporcle TV


Watch our educational content, quiz creation guides, and fun videos on Sporcle TV.

Show Comments

Extras

Top Quizzes Today


Score Distribution

Your Account Isn't Verified!

In order to create a playlist on Sporcle, you need to verify the email address you used during registration. Go to your Sporcle Settings to finish the process.

Report this User

Report this user for behavior that violates our Community Guidelines.

Details: